|
|
|
|
| LEADER |
00000nab a2200000 a 4500 |
| 001 |
vtls000183714 |
| 003 |
SK-MaSNL |
| 005 |
20260304071757.0 |
| 008 |
250423c1984 xo 0 slo |
| 015 |
|
|
|a SNBRB19rr/mm-uuuuu
|
| 035 |
|
|
|a CL0193827
|
| 035 |
|
|
|a urn:nbn:sk:snk-abekrn
|
| 035 |
|
|
|a (urnnbn)urn:nbn:sk:snk:ar-00055l
|
| 035 |
|
|
|a (uuid)eee93c7e-3d48-4fc6-815b-7c8787899473
|
| 040 |
|
|
|a SNKBUCL
|b slo
|c SNKBUCL
|e AACR2
|
| 041 |
0 |
|
|a slo
|
| 044 |
|
|
|a xo
|c SK
|
| 080 |
|
|
|a 885.4-3
|2 1981
|
| 100 |
1 |
|
|a Johanides, Ján,
|d 1934-2008
|4 aut
|9 115871
|
| 245 |
1 |
0 |
|a Slony v Mauthausene
|c Ján Johanides
|
| 655 |
|
7 |
|a články z novín a časopisov
|2 snkbucl
|9 267496
|
| 655 |
|
7 |
|a články z odboru literárna veda a krásna literatúra
|2 snkbucl
|9 770045
|
| 655 |
|
7 |
|a slovenské poviedky
|2 snkbucl
|9 70226
|
| 773 |
0 |
|
|t Slovenské pohľady
|g Roč. 100, č. 5 (1984), s. 73-87
|
| 850 |
|
|
|a Slovenská národná knižnica
|
| 852 |
|
|
|a Slovenská národná knižnica
|
| 954 |
|
|
|a beletria pôvodná (slovenská)
|2 lita
|
| 958 |
|
|
|a article27
|
| 958 |
|
|
|a RK
|
| 958 |
|
|
|a LX
|
| 958 |
|
|
|a OND
|
| 958 |
|
|
|a EUIPO
|
| 992 |
|
|
|a RBX
|
| 999 |
|
|
|c 2762001
|d 2763931
|